000 00549nam a2200193Ia 4500
001 23438
003 GE_BSU
008 181216s||||||||xx |||||||||||||| ||und||
040 _cGE_BSU
245 _aБанковские технологии № 07(269) 2018
245 _cГл. ред. Д.Н.Логунов
260 _aмосква
260 _c2018г.
300 _a55с;29см;
653 _aБанковские технологии № 07(269) 2018
653 _aПериодика
653 _aპერიოდიკა
942 _cCR
999 _c56325
_d56325